A gun for sale : (Record no. 84502)

MARC details
000 -LEADER
campo de control de longitud fija 01107cam a2200349Li 4500
001 - NÚMERO DE CONTROL
campo de control 73272
005 - FECHA Y HORA DE LA ÚLTIMA TRANSACCIÓN
campo de control 20230410132613.0
008 - DATOS DE LONGITUD FIJA--INFORMACIÓN GENERAL
campo de control de longitud fija 061205r20051936nyu b 000 1 eng d
035 ## - NÚMERO DE CONTROL DEL SISTEMA
Número de control de sistema (OCoLC)ocn493219075
040 ## - FUENTE DE CATALOGACIÓN
Centro catalogador/agencia de origen ZWZ
Normas de descripción ncafnor
Centro/agencia transcriptor ZWZ
Centro/agencia modificador OCLCQ
020 ## - NÚMERO INTERNACIONAL ESTÁNDAR DEL LIBRO
Número Internacional Estándar del Libro 014303930X (pbk)
020 ## - NÚMERO INTERNACIONAL ESTÁNDAR DEL LIBRO
Número Internacional Estándar del Libro 9780143039303 (pbk)
029 0# - OTRO NÚMERO DE CONTROL DE SISTEMA (OCLC)
Identificador de la biblioteca OCLC ZWZ
Número de control de sistema 111117747
035 ## - NÚMERO DE CONTROL DEL SISTEMA
Número de control de sistema (OCoLC)493219075
050 14 - SIGNATURA TOPOGRÁFICA DE LA BIBLIOTECA DEL CONGRESO
Número de clasificación PR 6013
Número de ítem G799g 2005
082 00 - NÚMERO DE LA CLASIFICACIÓN DECIMAL DEWEY
Número de clasificación 823/.912
049 ## - FONDOS LOCALES (OCLC)
Biblioteca depositaria GRAL
100 1# - ENTRADA PRINCIPAL--NOMBRE DE PERSONA
Nombre de persona Greene, Graham,
Fechas asociadas al nombre 1904-1991
240 ## - TÍTULO UNIFORME
Título uniforme This gun for hire
245 12 - MENCIÓN DEL TÍTULO
Título A gun for sale :
Resto del título an entertainment /
Mención de responsabilidad, etc. Graham Greene ; introduction by Samuel Hynes.
260 ## - PUBLICACIÓN, DISTRIBUCIÓN, ETC.
Lugar de publicación, distribución, etc. New York :
Nombre del editor, distribuidor, etc. Penguin Books,
Fecha de publicación, distribución, etc. 2005.
300 ## - DESCRIPCIÓN FÍSICA
Extensión 1 vol. (xviii, 184 p.) ;
Dimensiones 20 cm.
490 1# - MENCIÓN DE SERIE
Mención de serie Penguin classics
500 ## - NOTA GENERAL
Nota general Originally published as: This gun for hire. Doubleday, Doran & Co., 1936.
504 ## - NOTA DE BIBLIOGRAFÍA, ETC.
Nota de bibliografía, etc. Includes bibliographical references (p. xv-xviii).
650 #0 - PUNTO DE ACCESO ADICIONAL DE MATERIA--TÉRMINO DE MATERIA
Término de materia o nombre geográfico como elemento de entrada Murder for hire
Subdivisión general Fiction.
651 #0 - PUNTO DE ACCESO ADICIONAL DE MATERIA--NOMBRE GEOGRÁFICO
Nombre geográfico Nottingham (England)
Subdivisión general Fiction.
830 #0 - PUNTO DE ACCESO ADICIONAL DE SERIE-TÍTULO UNIFORME
Título uniforme Penguin classics.
942 ## - ELEMENTOS DE ENTRADA SECUNDARIOS (KOHA)
Fuente del sistema de clasificación o colocación Clasificación de Library of Congress
Tipo de ítem Koha
994 ## -
-- C0
-- DRFGD
946 ## - PROCESAMIENTO DE INFORMACIÓN LOCAL (OCLC)
a RCH
Holdings
Estatus retirado Estado de pérdida Fuente del sistema de clasificación o colocación Estado de daño No para préstamo Colección Biblioteca de origen Biblioteca actual Ubicación en estantería Fecha de adquisición Serial enumeration / chronology Signatura topográfica completa Código de barras Visto por última vez Copia número Tipo de ítem Koha
    Clasificación de Library of Congress     Humanidades Biblioteca Juan Bosch Biblioteca Juan Bosch Humanidades (4to. Piso) 10/04/2023 1 PR 6013 G799g 2005 00000063050 25/10/2018 1